| 000 | 00560nam a22001817a 4500 | ||
|---|---|---|---|
| 003 | OSt | ||
| 005 | 20250915153750.0 | ||
| 008 | 250915b |||||||| |||| 00| 0 eng d | ||
| 020 | _a81-87655-00-3 | ||
| 040 | _cSBCL | ||
| 082 |
_a891.441 _bJOS-M |
||
| 100 | _aJoseph,Vattakalam | ||
| 245 | _aMysticisum in Tagore's Gitanjali | ||
| 260 |
_aTrivandrum _bCarmel International Publishing House _c1999 |
||
| 300 | _a144p. | ||
| 650 |
_2Literature and rhetoric _aLiteratures of other languages _vEast Indo-European and Celtic literatures |
||
| 942 | _cBOOK | ||
| 999 |
_c137494 _d137494 |
||